Personnages de Blue Lock par photos - Statistiques

Statistiques générales
  • Ce quiz a été pris 455 fois
  • Le résultat moyen est 13 sur 16
Statistiques - réponses
Par images Réponse % Correct
Meguru Bachira
99%
Yoichi Isagi
99%
Seishiro Nagi
98%
Shoei Baro
96%
Hyoma Chigiri
95%
Itoshi Rin
95%
Mikage Reo
94%
Rensuke Kunigami
93%
Ikki Niko
83%
Gin Gagamaru
82%
Tsurugi Zantetsu
72%
Jyubei Aryu
69%
Wataru Kuon
69%
Aoshi Tokimitsu
53%
Asahi Naruhaya
50%
Keisuke Wanima
42%
Aucun quiz correspondant
Distribution des résultats
% des personnes avec chaque résultat
Percentile par nombre de réponses
Votre historique - résultats
Vous n’avez pas pris ce quiz